000 00762nam a2200229 a 4500
001 49075
003 BD-RjUL
005 20211209054630.0
008 160817s1973 bg ||||| |||| 00| 0 ben d
020 _c: Tk.2.50
035 _a(BD-RjUL)49194
040 _aBD-RjUL
_bben
_cBD-RjUL
_dBD-RjUL
041 _aben
082 _223
_a891.441
_bALA 1973
100 _aআলম, মনিরুল
_9147637
245 1 0 _aআমি এক দূরন্ত বাঙাল /
_cমনিরুল আলম
260 _aঢাকা :
_bনওরোজ কিতাবিস্তান,
_c১৯৭৩
300 _a৩৯ পৃ. ;
_c২০ সেমি.
650 _aবাংলা কবিতা
_9147638
650 _aBengali poetry
_9147639
942 _2ddc
_cBK
999 _c49075
_d49075